000 00447nam a2200193Ia 4500
003 0100
008 130303s9999 xx 000 0 und d
040 _cARRUPELIB
050 _aBJ319.H5 1950
100 _aHill, Thomas English
245 _aContemporary Ethical Theories
260 _aNew York
260 _bThe Macmillan Company, Inc.
260 _C1950
300 _axii
300 _b 368p. 23cm.
650 _aETHICS
942 0 0 _01
999 _c46318
_d46318